ბათუმის შოთა რუსთაველის სახელმწიფო უნივერსიტეტის ბიბლიოთეკა

Alter Ego. Methode de Frangais. B2. 4 (ბიბ.ჩანაწერი № 45720)

000 -LEADER
fixed length control field 00536nam a2200229Ia 4500
001 - CONTROL NUMBER
control field 12547
003 - CONTROL NUMBER IDENTIFIER
control field GE_BSU
008 - FIXED-LENGTH DATA ELEMENTS--GENERAL INFORMATION
fixed length control field 181216s||||||||xx |||||||||||||| ||und||
020 ## - INTERNATIONAL STANDARD BOOK NUMBER
International Standard Book Number 9782011555175
040 ## - CATALOGING SOURCE
Transcribing agency GE_BSU
080 ## - UNIVERSAL DECIMAL CLASSIFICATION NUMBER
Universal Decimal Classification number 811.133.1
100 ## - MAIN ENTRY--PERSONAL NAME
Personal name Berthet,Annie
245 ## - TITLE STATEMENT
Title Alter Ego. Methode de Frangais. B2. 4
260 ## - PUBLICATION, DISTRIBUTION, ETC.
Place of publication, distribution, etc. Paris
260 ## - PUBLICATION, DISTRIBUTION, ETC.
Name of publisher, distributor, etc. Hachette
260 ## - PUBLICATION, DISTRIBUTION, ETC.
Date of publication, distribution, etc. 2008
300 ## - PHYSICAL DESCRIPTION
Extent 111p.29cm.
653 ## - INDEX TERM--UNCONTROLLED
Uncontrolled term Alter Ego. Methode de Frangais
653 ## - INDEX TERM--UNCONTROLLED
Uncontrolled term გრამატიკა
942 ## - ADDED ENTRY ELEMENTS (KOHA)
Koha item type წიგნი
ეგზემპლარები
Withdrawn status Lost status Damaged status Not for loan Date acquired Barcode Date last seen Price effective from Koha item type
        2018-12-17 36246 2018-12-17 2018-12-17 წიგნი
        2018-12-17 36247 2018-12-17 2018-12-17 წიგნი
        2018-12-17 36248 2018-12-17 2018-12-17 წიგნი
        2018-12-17 36249 2018-12-17 2018-12-17 წიგნი
        2018-12-17 36250 2018-12-17 2018-12-17 წიგნი
        2018-12-17 36251 2018-12-17 2018-12-17 წიგნი
        2018-12-17 36252 2018-12-17 2018-12-17 წიგნი
        2018-12-17 36253 2018-12-17 2018-12-17 წიგნი
        2018-12-17 36254 2018-12-17 2018-12-17 წიგნი
        2018-12-17 36255 2018-12-17 2018-12-17 წიგნი